000 00489nam a2200181Ia 4500
001 1345
005 20260306143721.0
008 260306t2010||||xx |||||||||||||| ||spa||
041 _aESP
082 _a195.92
_bG363
100 _aGoglia, Rosa
_eAUT
245 0 _aCornelio Fabro:
_bProfilo biografico cronologico tematico da inediti, note di archivio, testimonianze
260 _c2010
300 _a303 páginas :
_c21 cm.
650 _aGEN
654 _aCHU
942 _cLIB
_dJUS
_fJUS
_2ddc
_n
999 _c1345
_d1345